[Event "V Open Semana Santa Alicante 2021"]
[Site "Alicante"]
[Date "2021.04.03"]
[Round "7.8"]
[White "Camacho Collados, Marcos"]
[Black "Del Amo Carbo, Jordi"]
[Result "1/2-1/2"]
[WhiteElo "2400"]
[BlackElo "2122"]
[Annotator "ChessBase"]
[PlyCount "110"]
[EventDate "2021.03.31"]
[EventType "swiss"]
[EventCountry "ESP"]
[SourceTitle "playchess.com"]
[Source "ChessBase"]
[SourceQuality "1"]
[TimeControl "5400+30"]

1. d4 {[%emt 0:00:00]} Nf6 {[%emt 0:00:04]} 2. Nf3 {[%emt 0:00:00]} e6 {[%emt 0:00:08]} 3. e3 {[%emt 0:00:00]} b6 {[%emt 0:00:09]} 4. Nbd2 {[%emt 0:00:10]} Bb7 {[%emt 0:00:11]} 5. Bd3 {[%emt 0:00:11]} d5 {[%emt 0:00:07]} 6. O-O {[%emt 0:00:18]} Be7 {[%emt 0:00:09]} 7. Ne5 {[%emt 0:02:04]} O-O {[%emt 0:01:59]} 8. Qf3 {[%emt 0:01:49]} Nbd7 {[%emt 0:05:03]} 9. c3 {[%emt 0:08:26]} c5 {[%emt 0:03:35]} 10. Qh3 {[%emt 0:05:31]} g6 {[%emt 0:01:27]} 11. Ndf3 {[%emt 0:03:39]} Nxe5 {[%emt 0:06:18]} 12. Nxe5 {[%emt 0:00:51]} Ne4 {[%emt 0:05:42]} 13. f3 {[%emt 0:00:43]} Nd6 {[%emt 0:00:58]} 14. Bd2 {[%emt 0:01:23]} f5 {[%emt 0:01:27]} 15. Be1 {[%emt 0:07:50]} Nf7 {[%emt 0:02:58]} 16. Bg3 {[%emt 0:03:01]} Bd6 {[%emt 0:02:36]} 17. Nxf7 {[%emt 0:08:35]} Rxf7 {[%emt 0:00:13]} 18. Rad1 {[%emt 0:06:50]} a5 {[%emt 0:02:19]} 19. Rfe1 {[%emt 0:01:20]} Qc7 {[%emt 0:05:40]} 20. Bh4 {[%emt 0:10:17]} Ba6 {[%emt 0:06:09]} 21. Bb1 {[%emt 0:01:21]} Re8 {[%emt 0:03:48]} 22. e4 {[%emt 0:01:01]} cxd4 {[%emt 0:02:21]} 23. exf5 {[%emt 0:01:03]} gxf5 {[%emt 0:01:37]} 24. cxd4 {[%emt 0:00:10]} Bf4 {[%emt 0:05:55]} 25. Bf2 {[%emt 0:00:19]} Qd6 {[%emt 0:01:23]} 26. Qh4 Rc8 {[%emt 0:01:41]} 27. Qh5 {[%emt 0:06:46]} Rg7 {[%emt 0:02:11]} 28. Kh1 {[%emt 0:01:19]} Rg6 {[%emt 0:00:42]} 29. Qh3 {[%emt 0:02:26]} Rh6 {[%emt 0:03:05]} 30. Bh4 {[%emt 0:00:04]} Rc7 {[%emt 0:06:28]} 31. g3 {[%emt 0:06:05]} Bg5 {[%emt 0:00:01]} 32. Re5 {[%emt 0:13:57]} Bf6 {[%emt 0:02:14]} 33. Ree1 {[%emt 0:04:16]} Kf7 {[%emt 0:01:55]} 34. Qg2 {[%emt 0:01:52]} Bxh4 {[%emt 0:03:20]} 35. gxh4 {[%emt 0:00:01]} Qf4 {[%emt 0:06:33]} 36. h5 {[%emt 0:00:20]} Rxh5 {[%emt 0:00:12]} 37. Rg1 {[%emt 0:00:13]} Kf6 {[%emt 0:00:19]} 38. Rde1 {[%emt 0:00:37]} Rh6 {[%emt 0:04:18]} 39. Qf2 {[%emt 0:02:47]} Rg6 {[%emt 0:01:29]} 40. Rxg6+ {[%emt 0:01:24]} hxg6 {[%emt 0:00:01]} 41. Kg2 {[%emt 0:00:15]} Rh7 {[%emt 0:00:42]} 42. Qg3 {[%emt 0:01:00]} Qd2+ {[%emt 0:00:44]} 43. Kg1 {[%emt 0:00:30]} Qxd4+ {[%emt 0:01:45]} 44. Kh1 {[%emt 0:00:01]} e5 {[%emt 0:00:37]} 45. Rg1 {[%emt 0:00:22]} Qh4 {[%emt 0:03:08]} 46. Qxg6+ {[%emt 0:00:02]} Ke7 {[%emt 0:00:23]} 47. Rg2 {[%emt 0:01:38]} Qe1+ {[%emt 0:01:25]} 48. Rg1 {[%emt 0:00:02]} Qh4 {[%emt 0:00:05]} 49. Qg5+ {[%emt 0:00:42]} Qxg5 {[%emt 0:00:09]} 50. Rxg5 {[%emt 0:00:01]} Bc8 {[%emt 0:00:49]} 51. Bxf5 {[%emt 0:00:40]} Kf6 {[%emt 0:00:56]} 52. Bxh7 {[%emt 0:00:18]} Kxg5 {[%emt 0:00:01]} 53. Kg2 {[%emt 0:00:24]} Kf4 {[%emt 0:00:06]} 54. Kf2 {[%emt 0:00:40]} Bb7 {[%emt 0:00:34]} 55. Bd3 {[%emt 0:00:53]} Bc6 {[%emt 0:00:31]} 1/2-1/2

[Event "V Open Semana Santa Alicante 2021"]
[Site "Alicante"]
[Date "2021.04.03"]
[Round "7.9"]
[White "Vilanova Corbi, Jorge"]
[Black "Garrido Outon, Alex"]
[Result "0-1"]
[WhiteElo "2200"]
[BlackElo "2362"]
[Annotator "ChessBase"]
[PlyCount "102"]
[EventDate "2021.03.31"]
[EventType "swiss"]
[EventCountry "ESP"]
[SourceTitle "playchess.com"]
[Source "ChessBase"]
[SourceQuality "1"]
[TimeControl "5400+30"]

1. Nf3 {[%emt 0:00:20]} d5 {[%emt 0:00:42]} 2. d4 {[%emt 0:00:30]} Nf6 {[%emt 0:01:07]} 3. c4 {[%emt 0:00:39]} e6 {[%emt 0:00:38]} 4. Nc3 {[%emt 0:00:44]} a6 {[%emt 0:00:42]} 5. cxd5 {[%emt 0:09:09]} exd5 {[%emt 0:00:10]} 6. Bg5 {[%emt 0:00:15]} Be6 {[%emt 0:00:26]} 7. Bxf6 {[%emt 0:01:28]} Qxf6 {[%emt 0:00:13]} 8. Qb3 {[%emt 0:01:02]} Ra7 {[%emt 0:01:01]} 9. g3 {[%emt 0:19:39]} Bd6 {[%emt 0:03:30]} 10. Bg2 {[%emt 0:01:52]} Qd8 {[%emt 0:04:03]} 11. O-O {[%emt 0:02:44]} c6 {[%emt 0:03:38]} 12. Qc2 {[%emt 0:15:08]} Nd7 {[%emt 0:05:16]} 13. e4 {[%emt 0:04:46]} dxe4 {[%emt 0:02:04]} 14. Qxe4 {[%emt 0:01:55]} O-O {[%emt 0:04:17]} 15. d5 {[%emt 0:06:33]} cxd5 {[%emt 0:10:11]} 16. Nxd5 {[%emt 0:00:27]} Re8 {[%emt 0:06:53]} 17. Rfe1 {[%emt 0:06:31]} Ra8 {[%emt 0:03:31]} 18. Nd4 {[%emt 0:06:10]} Qa5 {[%emt 0:14:06]} 19. Nxe6 {[%emt 0:07:16]} Rxe6 {[%emt 0:00:35]} 20. b4 {[%emt 0:01:25]} Qa4 {[%emt 0:06:08]} 21. Qc4 {[%emt 0:02:14]} Ne5 {[%emt 0:04:59]} 22. Nb6 {[%emt 0:02:47]} Qe8 {[%emt 0:06:25]} 23. Qc3 {[%emt 0:00:20]} Rd8 {[%emt 0:00:35]} 24. h3 {[%emt 0:03:56]} h5 {[%emt 0:06:33]} 25. a3 {[%emt 0:01:39]} h4 {[%emt 0:01:18]} 26. f4 {[%emt 0:00:55]} Nd3 {[%emt 0:04:09]} 27. Rxe6 {[%emt 0:01:55]} Qxe6 {[%emt 0:00:22]} 28. Nc4 {[%emt 0:00:33]} Bb8 {[%emt 0:02:16]} 29. Rd1 {[%emt 0:00:59]} Qe2 {[%emt 0:03:15]} 30. Qd2 {[%emt 0:00:16]} Qe6 {[%emt 0:01:06]} 31. Ne5 {[%emt 0:00:28]} Bxe5 {[%emt 0:01:39]} 32. fxe5 {[%emt 0:00:05]} Qb6+ {[%emt 0:01:28]} 33. Kf1 {[%emt 0:00:40]} Qd4 {[%emt 0:02:01]} 34. Qe2 {[%emt 0:00:35]} hxg3 {[%emt 0:00:42]} 35. Be4 {[%emt 0:00:20]} g2+ {[%emt 0:00:00]} 36. Bxg2 {[%emt 0:00:12]} f5 {[%emt 0:00:51]} 37. exf6 {[%emt 0:00:59]} Qxf6+ {[%emt 0:00:09]} 38. Bf3 {[%emt 0:00:35]} Qf5 {[%emt 0:00:32]} 39. Qe4 {[%emt 0:00:51]} Qxh3+ {[%emt 0:00:27]} 40. Bg2 {[%emt 0:00:07]} Qg3 {[%emt 0:01:15]} 41. Qe6+ {[%emt 0:00:37]} Kh8 {[%emt 0:00:15]} 42. Qh3+ {[%emt 0:00:32]} Qxh3 {[%emt 0:00:01]} 43. Bxh3 {[%emt 0:00:05]} Rf8+ {[%emt 0:00:09]} 44. Ke2 {[%emt 0:01:09]} Nf4+ {[%emt 0:00:55]} 45. Ke3 {[%emt 0:00:06]} Nxh3 {[%emt 0:00:08]} 46. Rh1 {[%emt 0:00:03]} g5 {[%emt 0:00:59]} 47. Rxh3+ {[%emt 0:00:05]} Kg7 {[%emt 0:00:05]} 48. Kd4 {[%emt 0:00:50]} Kg6 {[%emt 0:00:25]} 49. Ke5 {[%emt 0:01:28]} g4 {[%emt 0:00:51]} 50. Rg3 {[%emt 0:00:34]} Kg5 {[%emt 0:00:06]} 51. Kd6 {[%emt 0:00:08]} Rf3 {[%emt 0:01:00]} 0-1

[Event "V Open Semana Santa Alicante 2021"]
[Site "Alicante"]
[Date "2021.04.03"]
[Round "7.10"]
[White "Aranda Marin, Cristian"]
[Black "Robledo Sanchez, Carlos"]
[Result "1-0"]
[WhiteElo "2361"]
[BlackElo "1959"]
[Annotator "ChessBase"]
[PlyCount "55"]
[EventDate "2021.03.31"]
[EventType "swiss"]
[EventCountry "ESP"]
[SourceTitle "playchess.com"]
[Source "ChessBase"]
[SourceQuality "1"]
[TimeControl "5400+30"]

1. d4 Nf6 2. Bf4 d5 3. c3 e6 4. e3 Bd6 5. Bg3 O-O 6. Nd2 b6 7. Ngf3 Bb7 8. Qc2 c5 9. Bd3 Nc6 10. Rd1 h6 11. Bb5 Rc8 12. Qb1 Bxg3 13. hxg3 Qd6 14. O-O Nd7 15. Rfe1 f5 16. c4 a6 17. Ba4 dxc4 18. Nxc4 Qe7 19. dxc5 bxc5 20. Qd3 Rcd8 21. Qd6 Nde5 22. Qxe7 Nxf3+ 23. gxf3 Nxe7 24. Ne5 Rd5 25. f4 Rfd8 26. Rc1 R8d6 27. Bb3 Rd2 28. Nc4 1-0

[Event "V Open Semana Santa Alicante 2021"]
[Site "Alicante"]
[Date "2021.04.04"]
[Round "8.1"]
[White "Serarols Mabras, Bernat"]
[Black "Cuenca Jimenez, Jose Fernando"]
[Result "1/2-1/2"]
[WhiteElo "2358"]
[BlackElo "2506"]
[Annotator "ChessBase"]
[PlyCount "140"]
[EventDate "2021.03.31"]
[EventType "swiss"]
[EventCountry "ESP"]
[SourceTitle "playchess.com"]
[Source "ChessBase"]
[SourceQuality "1"]
[TimeControl "5400+30"]

1. d4 {[%emt 0:00:00]} Nf6 {[%emt 0:00:02]} 2. c4 {[%emt 0:00:00]} e6 {[%emt 0:00:18]} 3. Nc3 {[%emt 0:00:00]} Bb4 {[%emt 0:01:00]} 4. e3 {[%emt 0:00:16]} b6 {[%emt 0:00:10]} 5. Bd2 {[%emt 0:03:38]} Bb7 {[%emt 0:03:46]} 6. Nf3 {[%emt 0:00:39]} O-O {[%emt 0:01:20]} 7. Bd3 {[%emt 0:00:05]} d5 {[%emt 0:00:53]} 8. cxd5 {[%emt 0:00:10]} exd5 {[%emt 0:00:20]} 9. Rc1 {[%emt 0:00:05]} a6 {[%emt 0:11:21]} 10. Ne5 {[%emt 0:02:24]} Bd6 {[%emt 0:03:12]} 11. O-O {[%emt 0:00:08]} c5 {[%emt 0:01:17]} 12. f4 {[%emt 0:04:08]} Nc6 {[%emt 0:00:30]} 13. Ng4 {[%emt 0:00:30]} Be7 {[%emt 0:23:07]} 14. dxc5 {[%emt 0:11:24]} bxc5 {[%emt 0:07:46]} 15. b3 {[%emt 0:11:18]} Nb4 {[%emt 0:18:41]} 16. Bb1 {[%emt 0:05:47]} c4 {[%emt 0:02:38]} 17. Nxf6+ {[%emt 0:18:31]} Bxf6 {[%emt 0:00:09]} 18. bxc4 {[%emt 0:01:06]} dxc4 {[%emt 0:02:14]} 19. Ne4 {[%emt 0:03:14]} Be7 {[%emt 0:08:03]} 20. Rxc4 {[%emt 0:06:41]} a5 {[%emt 0:00:03]} 21. Bc3 {[%emt 0:11:36]} Nd5 {[%emt 0:06:02]} 22. Bd4 {[%emt 0:12:30]} Ba6 {[%emt 0:01:04]} 23. Qg4 {[%emt 0:05:27]} g6 {[%emt 0:01:02]} 24. Bd3 {[%emt 0:01:06]} f5 {[%emt 0:02:13]} 25. Qf3 fxe4 26. Qxe4 {[%emt 0:00:02]} Qd7 {[%emt 0:01:32]} 27. Rd1 {[%emt 0:01:10]} Nf6 {[%emt 0:01:25]} 28. Bxf6 {[%emt 0:00:56]} Bxf6 {[%emt 0:00:18]} 29. Rc6 {[%emt 0:00:17]} Bxd3 {[%emt 0:01:16]} 30. Rxd3 {[%emt 0:00:01]} Qf7 {[%emt 0:00:36]} 31. Rdd6 {[%emt 0:01:09]} Rae8 {[%emt 0:00:43]} 32. Qd3 {[%emt 0:00:51]} Qxa2 {[%emt 0:00:27]} 33. h3 {[%emt 0:00:11]} Bg7 {[%emt 0:00:42]} 34. Rd7 {[%emt 0:00:41]} Rf7 {[%emt 0:00:45]} 35. Rxf7 {[%emt 0:00:44]} Qxf7 {[%emt 0:00:12]} 36. Ra6 {[%emt 0:00:05]} Qe7 {[%emt 0:01:17]} 37. Kf2 {[%emt 0:00:05]} Qc5 {[%emt 0:00:25]} 38. Kf3 {[%emt 0:01:02]} Kh8 {[%emt 0:00:29]} 39. e4 {[%emt 0:00:08]} Qc3 {[%emt 0:01:16]} 40. Qxc3 {[%emt 0:00:01]} Bxc3 {[%emt 0:00:00]} 41. h4 {[%emt 0:00:24]} Re7 {[%emt 0:00:33]} 42. e5 {[%emt 0:00:05]} Kg7 {[%emt 0:00:14]} 43. Ke4 {[%emt 0:00:04]} h5 {[%emt 0:00:43]} 44. Kf3 {[%emt 0:01:28]} Rd7 {[%emt 0:00:48]} 45. Rc6 {[%emt 0:00:51]} Be1 {[%emt 0:00:48]} 46. g4 {[%emt 0:00:05]} Bxh4 {[%emt 0:00:43]} 47. gxh5 {[%emt 0:00:37]} gxh5 {[%emt 0:00:02]} 48. Ra6 {[%emt 0:00:24]} Bd8 {[%emt 0:00:30]} 49. f5 {[%emt 0:00:05]} Rd4 {[%emt 0:01:00]} 50. Ra7+ {[%emt 0:00:17]} Kf8 {[%emt 0:00:19]} 51. Ke3 {[%emt 0:01:19]} Rd1 {[%emt 0:00:18]} 52. Ke4 {[%emt 0:00:12]} h4 {[%emt 0:00:24]} 53. f6 {[%emt 0:00:04]} h3 {[%emt 0:00:54]} 54. Rh7 {[%emt 0:00:05]} h2 {[%emt 0:00:38]} 55. Rxh2 {[%emt 0:00:12]} Kf7 {[%emt 0:00:27]} 56. Rb2 {[%emt 0:00:16]} Ke6 {[%emt 0:00:31]} 57. Rb8 {[%emt 0:00:42]} Rd5 {[%emt 0:00:32]} 58. Kf4 {[%emt 0:00:47]} Rd4+ {[%emt 0:00:22]} 59. Ke3 {[%emt 0:00:01]} Rd1 {[%emt 0:00:35]} 60. Ke4 {[%emt 0:00:34]} Re1+ {[%emt 0:00:29]} 61. Kf4 {[%emt 0:00:37]} Bc7 {[%emt 0:00:32]} 62. Re8+ {[%emt 0:00:05]} Kd5 {[%emt 0:00:11]} 63. Kg4 {[%emt 0:01:11]} Rf1 {[%emt 0:00:49]} 64. e6 {[%emt 0:01:07]} Rxf6 {[%emt 0:00:30]} 65. e7 {[%emt 0:00:06]} Rf4+ {[%emt 0:00:30]} 66. Kg5 {[%emt 0:00:51]} Ke6 {[%emt 0:00:26]} 67. Rc8 {[%emt 0:00:11]} Rf5+ {[%emt 0:00:32]} 68. Kg4 {[%emt 0:00:09]} Rf4+ {[%emt 0:00:24]} 69. Kg5 {[%emt 0:00:02]} Kxe7 {[%emt 0:00:33]} 70. Rxc7+ {[%emt 0:00:05]} Kd6 {[%emt 0:00:02]} 1/2-1/2

[Event "V Open Semana Santa Alicante 2021"]
[Site "Alicante"]
[Date "2021.04.04"]
[Round "8.2"]
[White "Santos Ruiz, Miguel"]
[Black "Movsziszian, Karen"]
[Result "1/2-1/2"]
[WhiteElo "2592"]
[BlackElo "2471"]
[Annotator "TA"]
[PlyCount "39"]
[EventDate "2021.03.31"]
[EventType "swiss"]
[EventCountry "ESP"]
[SourceTitle "playchess.com"]
[Source "ChessBase"]
[SourceQuality "1"]

{[%evp 10,39,41,27,41,51,47,39,43,37,54,55,45,58,54,47,45,0,0,0,0,0,0,0,0,0,0,0,0,0,0,0]} 1. e4 d6 2. d4 Nf6 3. Nc3 g6 4. Be3 a6 5. a4 Bg7 6. f3 Nc6 {B06: Modern Defence.} 7. Nge2 O-O 8. Qd2 e5 {White is slightly better.} 9. d5 Ne7 10. g4 c6 11. g5 Nh5 {[#]} 12. dxc6 $146 ({Predecessor:} 12. Ng3 Nf4 13. Bc4 cxd5 14. Nxd5 Nexd5 15. Bxd5 Qxg5 16. O-O-O Qf6 17. c4 Nxd5 18. cxd5 Qxf3 19. Rdf1 Qg4 20. Rhg1 Qh3 21. Nf5 Bxf5 22. exf5 Rfc8+ 23. Kb1 Qh4 {0-1 (23) Mazur,S (2437)-Ftacnik,L (2530) Trnava 2019}) 12... bxc6 13. O-O-O d5 {[%cal Rd5d4] Threatening ...d4.The position is equal.} 14. exd5 cxd5 15. Nxd5 Nxd5 16. Qxd5 Qc7 17. Qc5 Qb7 18. Qd5 Qc7 19. Qc5 Qb7 20. Qd5 {Weighted Error Value: White=0.04/Black=0.01} 1/2-1/2

[Event "V Open Semana Santa Alicante 2021"]
[Site "Alicante"]
[Date "2021.04.04"]
[Round "8.3"]
[White "Garrido Outon, Alex"]
[Black "Yuffa, Daniil"]
[Result "0-1"]
[WhiteElo "2362"]
[BlackElo "2584"]
[Annotator "TA"]
[PlyCount "84"]
[EventDate "2021.03.31"]
[EventType "swiss"]
[EventCountry "ESP"]
[SourceTitle "playchess.com"]
[Source "ChessBase"]
[SourceQuality "1"]

{[%evp 9,84,4,8,5,7,9,11,0,14,0,7,4,27,0,0,-13,17,-3,100,87,106,68,95,93,91,33,47,0,7,-1,0,-7,0,0,0,-7,0,-7,0,-8,-8,-10,-11,-11,0,0,0,-118,-98,-102,-116,-122,-120,-153,-153,-213,-216,-251,-249,-241,-252,-339,-328,-430,-424,-420,-413,-773,-802,-789,-769,-909,-679,-950,-919,-1408,-1369]} 1. e4 c6 2. d4 d5 3. e5 Bf5 4. h4 a6 5. Nc3 h5 6. Bd3 {B12: Caro-Kann: Advance Variation.} Bxd3 {[#]} 7. cxd3 $146 ({Predecessor:} 7. Qxd3 e6 8. Bg5 Qc7 9. Nge2 c5 10. O-O Nc6 11. Rfe1 Nh6 12. Nf4 Nb4 13. Qh3 {½-½ (47) Saric,I (2632)-Yuffa,D (2515) Lund 2017}) 7... e6 8. Nce2 {The position is equal.} c5 9. dxc5 Bxc5 10. d4 Ba7 11. Kf1 Nc6 12. Nf3 Qd7 13. g3 O-O-O (13... Nge7 $11 {keeps the balance.}) 14. Kg2 Kb8 15. Bf4 Nge7 16. Qd2 Nf5 17. Rhc1 (17. Rhb1 $16) 17... Rc8 $14 18. Rc2 Nce7 19. Rac1 Rxc2 20. Rxc2 Rc8 21. Bg5 Nc6 {[%cal Be7c6,Bc6b4,Bb4c2][%mdl 32]} 22. Be3 Qe8 23. Nf4 Bb6 24. Qd3 g6 25. Ne2 Nb4 26. Rxc8+ Qxc8 27. Qb3 Qc2 28. Bd2 (28. Qxc2 $1 $11 Nxc2 29. Ng5) 28... Qxb3 $17 29. axb3 Nc2 {[%cal Rf5d4]} 30. Bc3 Kc7 31. Kh3 Kd7 32. b4 (32. Kg2 $17) 32... Kc6 $19 33. Ng5 {[#]} Nh6 ({Don't do} 33... Bxd4 34. Nxd4+ Ncxd4 35. Nxf7 $17) (33... Ncxd4 34. Bxd4 Nxd4 35. Nf4 $17) 34. f3 Kb5 35. g4 Kc4 ({Don't take} 35... Nxb4 36. b3 $19) 36. gxh5 gxh5 37. Nf4 Bxd4 38. Nxh5 (38. Bxd4 $142 Kxd4 39. Nxh5) 38... Bxc3 {Black is clearly winning.} 39. bxc3 Kxc3 40. Nf6 Ne3 41. Ng4 Nef5 42. h5 Kxb4 {Weighted Error Value: White=0.55/Black=0.14} 0-1

[Event "V Open Semana Santa Alicante 2021"]
[Site "Alicante"]
[Date "2021.04.04"]
[Round "8.4"]
[White "Narciso Dublan, Marc"]
[Black "Aranda Marin, Cristian"]
[Result "1-0"]
[WhiteElo "2521"]
[BlackElo "2361"]
[Annotator "TA"]
[PlyCount "87"]
[EventDate "2021.03.31"]
[EventType "swiss"]
[EventCountry "ESP"]
[SourceTitle "playchess.com"]
[Source "ChessBase"]
[SourceQuality "1"]

{[%evp 9,87,-10,4,7,20,22,43,22,27,13,36,9,7,-17,-22,-39,0,-9,0,0,0,0,0,0,10,0,3,19,11,27,16,18,43,40,97,104,116,123,150,139,328,311,325,322,315,309,242,231,230,232,239,207,204,169,424,408,446,148,389,410,350,348,339,339,368,354,960,925,862,648,651,559,552,528,559,550,511,501,506,407]} 1. e4 c5 2. Be2 Nc6 3. f4 e6 4. Nf3 d5 5. d3 Nf6 6. e5 {B21: Sicilian: 2 f4 and Morra Gambit.} Ng8 7. c3 d4 8. Na3 {White is slightly better.} Nh6 9. O-O Be7 {[#]} 10. Qe1 $146 ({Predecessor:} 10. Nd2 O-O 11. Ne4 Rb8 12. Bf3 dxc3 13. bxc3 Nd4 14. cxd4 Qxd4+ 15. Rf2 Qxa1 16. Rb2 {1-0 (42) Seul,G (2430)-Budde,V (2305) Germany 1996}) 10... b6 11. Bd2 Bb7 12. Nc2 O-O 13. Qg3 dxc3 14. bxc3 Ba6 15. Nfe1 Rc8 16. Qh3 f5 17. exf6 Rxf6 18. Ne3 Nf5 19. Ng4 Rg6 20. Rd1 Bb7 21. Bf3 Bd6 {[#]} (21... c4 $14) 22. Be4 $1 $16 Qc7 23. Nf3 {Ng5 is the strong threat.} Nce7 24. Rde1 ({But not} 24. Bxb7 $6 Qxb7 25. c4 (25. Ng5 h6 $11) 25... Rd8 $14) 24... h6 $2 (24... b5 $16 {was necessary.}) 25. Nfe5 $18 Bxe5 26. Nxe5 Rf6 27. g4 Nd6 28. g5 Nxe4 29. gxf6 Nxf6 {intending ...Nf5.} 30. Qxe6+ Kh7 31. c4 {Strongly threatening Bc3.} Ba8 $2 (31... Rf8 {might work better.}) 32. Bc3 Rf8 {[#]} 33. Ng4 $2 (33. Nd7 $1 $18 {[%mdl 512]} Qxd7 34. Qxd7 Nxd7 35. Rxe7 {[%mdl 64] Double Attack}) 33... Neg8 $2 {Black cannot hold the game after this.} (33... Qb7 $16 34. Re2 (34. Nxf6+ $2 Rxf6 35. Qe4+ Rg6+ 36. Kf2 Qc8 $19) 34... Nh5 35. Qe4+ (35. Re4 Ng6 $11) 35... Qxe4 36. dxe4 Nxf4) 34. Qf5+ Kh8 35. Ne5 Ne7 36. Qh3 Qb7 37. Rf3 Kh7 $2 (37... Kg8 38. Re2 b5 39. cxb5 Ned5) 38. Rg3 {Black must now prevent Nd7.White is clearly winning.} Ne8 39. Nf3 Kg8 40. Qxh6 {[%cal Rg3g7] White wants to mate with Rxg7+.} Nf5 41. Qe6+ Qf7 42. Qxf7+ Kxf7 43. Ne5+ Kg8 44. Nd7 {Weighted Error Value: White=0.22/Black=0.35} 1-0

[Event "V Open Semana Santa Alicante 2021"]
[Site "Alicante"]
[Date "2021.04.04"]
[Round "8.5"]
[White "Napoli, Nicolo"]
[Black "Del Rio De Angelis, Salvador G."]
[Result "0-1"]
[WhiteElo "2315"]
[BlackElo "2510"]
[Annotator "TA"]
[PlyCount "94"]
[EventDate "2021.03.31"]
[EventType "swiss"]
[EventCountry "ESP"]
[SourceTitle "playchess.com"]
[Source "ChessBase"]
[SourceQuality "1"]

{[%evp 9,94,-6,-8,-8,-8,-2,-7,-22,16,-13,33,42,35,13,17,17,17,17,17,17,17,21,14,19,15,16,48,44,42,0,0,0,0,0,7,0,0,-56,-41,-47,-53,-52,-45,-71,0,-74,-72,-75,-64,-100,-102,-172,-171,-167,-119,-206,-166,-181,-140,-146,-72,-73,-56,-64,-62,-76,-69,-94,-43,-43,-43,-62,-35,-347,-330,-684,-806,-1716,-1698,-1280,-1239,-5289,-5289,-5213,-5197,-5506,-437]} 1. d4 Nf6 2. Nf3 e6 3. g3 b5 4. Bg2 Bb7 5. a4 b4 6. c4 {A46: 1 d4 Nf6 2 Nf3 e6: Torre, London and Colle Systems.} bxc3 7. bxc3 Be7 8. O-O {The position is equal.} O-O 9. c4 c5 10. d5 exd5 11. Nh4 Ne4 12. cxd5 Bxh4 13. Bxe4 Bf6 {[#]} 14. Ra3 $146 ({Predecessor:} 14. Ra2 Na6 15. Bb2 Nb4 16. Bxf6 Qxf6 17. Rd2 d6 18. Na3 Ba6 19. Qa1 Qh6 20. Qc3 f5 21. Bf3 f4 22. Rb1 Rae8 23. Rbb2 fxg3 24. hxg3 Nd3 {0-1 (24) Almasi,I (2397)-Tesik,C (2258) Hungary 2010}) 14... d6 15. Rb3 Ba6 16. Qc2 g6 17. Bf4 Bg5 18. Bxg5 Qxg5 19. Na3 Nd7 20. Bd3 Bxd3 21. Rxd3 Qf5 22. Nc4 Ne5 $1 {[%cal Re5d3]} 23. Nxe5 (23. Nxd6 $11 Qh3 24. e4) 23... Qxe5 $15 24. Rfd1 Rfe8 25. Re3 Qh5 26. Qd3 a5 (26... Qg4 $17) 27. Qc3 (27. Rxe8+ $11 Rxe8 28. Re1) 27... Rxe3 $17 28. Qxe3 {[%mdl 4096] Endgame [#] KQR-KQR} Qg4 $1 29. Ra1 Rb8 30. h3 (30. Qf4 $17 Qxf4 31. gxf4) 30... Qc4 $19 ({Stronger than} 30... Qxh3 31. Qe7 $11) 31. Qd2 Qb4 32. Qg5 (32. Qe3 $17) 32... Qd4 33. Rf1 f6 ({Worse is} 33... Qxa4 34. Qe7 $11) 34. e3 Qe5 ({Black should try} 34... fxg5 35. exd4 cxd4) 35. Qg4 $17 Qe7 36. h4 Kg7 37. Rc1 Rb4 38. Rc4 h5 (38... Qe8 $17 {Hoping for ...Qxa4.} 39. Rf4 h5) 39. Qe2 $1 $15 Qb7 40. Qd3 Kf7 $36 {[%mdl 2048] Black is more active.} 41. Re4 $2 {[%mdl 8192] [#] Now White is beyond hope.} (41. Qe4 $15) 41... Rb3 $1 $19 {[%cal Rb3d3]} 42. Qd2 (42. Qc2 Qxd5 43. Rc4) 42... Rb1+ {Black is clearly winning.} 43. Kg2 Qa6 44. Kf3 Qf1 {aiming for ...Qh1+.} 45. Re6 Qh1+ 46. Ke2 c4 47. Qd4 Re1+ {Weighted Error Value: White=0.60/Black=0.09} 0-1

[Event "V Open Semana Santa Alicante 2021"]
[Site "Alicante"]
[Date "2021.04.04"]
[Round "8.6"]
[White "Alonso Garcia, Aaron"]
[Black "Ladron De Guevara Pinto, Paolo"]
[Result "1-0"]
[WhiteElo "2275"]
[BlackElo "2440"]
[Annotator "TA"]
[PlyCount "87"]
[EventDate "2021.03.31"]
[EventType "swiss"]
[EventCountry "ESP"]
[SourceTitle "playchess.com"]
[Source "ChessBase"]
[SourceQuality "1"]

{[%evp 20,87,0,0,0,-11,22,12,18,-19,0,7,12,-37,0,0,-8,-12,-18,-33,-28,-31,0,-4,-11,-11,-22,-25,0,0,0,0,0,0,7,0,29,7,7,5,2,8,9,5,16,15,37,38,53,53,51,10,8,24,304,315,393,389,385,363,463,382,382,273,439,306,939,857,751,662]} 1. e4 e6 2. d4 d5 3. Nc3 Nf6 4. e5 Nfd7 5. f4 c5 6. Nf3 Nc6 7. Be3 cxd4 8. Nxd4 Bc5 9. Qd2 O-O 10. O-O-O Nxd4 11. Bxd4 a6 {C11: French: Classical System: 4 e5 and 4 Bg5 dxe4.} 12. h4 Qc7 13. Bxc5 Nxc5 {The position is equal.} 14. Ne2 b5 15. Nd4 {[#]} f6 $146 ({Predecessor:} 15... Bd7 16. Bd3 f6 17. Qe3 fxe5 18. fxe5 b4 19. h5 Nxd3+ 20. Rxd3 Rac8 21. Rd2 a5 {½-½ (37) Saurabh,A (2303)-Subhayan,K (2093) Ahmedabad 2018}) 16. Nf3 Ne4 17. Qe3 Qa7 18. Qxa7 Rxa7 19. Rg1 fxe5 20. fxe5 b4 21. Rd4 a5 22. Bd3 Nc5 23. Kd2 Bd7 24. b3 Be8 25. Ke3 Rc7 26. Rf4 Rxf4 27. Kxf4 h6 28. Ke3 Kf7 29. a3 bxa3 30. Ra1 a4 31. Rxa3 Ke7 32. Nd4 axb3 33. cxb3 Rb7 34. Bc2 Rc7 35. b4 Nd7 36. Ra6 Nf8 {[%mdl 8192] [#] This move loses the game for Black.} (36... Rc3+ $1 $11 {and Black is okay.} 37. Kd2 Rg3) 37. Bd3 $18 Bd7 38. b5 Bc8 39. Rd6 Rd7 40. Rc6 Bb7 41. b6 Kd8 $2 {[#]} (41... Bxc6 42. Nxc6+ Ke8) 42. Bb5 Re7 $2 (42... Bxc6 43. Nxc6+ Ke8) 43. Rd6+ Kc8 44. Nc6 {[%csl Gc6][%cal Rd6d8] Weighted Error Value: White=0.17/Black=0.38} 1-0